Manažovanie obalov pomáha doručovať tovar bez poškodenia
Balenie zásielok a skúsenosti logistikov pri manipulácii a preprave zásielok. Zodpovednosť za zásielky a ich prepravu. Preventívne opatrenia k doručovaniu tovaru bez poškodenia, a tým aj k spokojnosti klientov.
Gespeichert in:
| 1. Verfasser: | |
|---|---|
| Format: | Buchkapitel |
| Sprache: | Slowakisch |
| Schlagworte: | |
| Tags: |
Keine Tags, Fügen Sie das erste Tag hinzu!
|
MARC
| LEADER | 00000naa a2200000 4500 | ||
|---|---|---|---|
| 001 | 0199075 | ||
| 005 | 20220725111452.7 | ||
| 041 | 0 | |a slo | |
| 044 | |a SK | ||
| 245 | 1 | 0 | |a Manažovanie obalov pomáha doručovať tovar bez poškodenia |c Mária Džundová |
| 520 | |a Balenie zásielok a skúsenosti logistikov pri manipulácii a preprave zásielok. Zodpovednosť za zásielky a ich prepravu. Preventívne opatrenia k doručovaniu tovaru bez poškodenia, a tým aj k spokojnosti klientov. | ||
| 610 | 2 | 0 | |a obaly |
| 610 | 2 | 0 | |a technika obalová |
| 610 | 2 | 0 | |a balenie |
| 610 | 2 | 0 | |a preprava |
| 610 | 2 | 0 | |a tovar |
| 610 | 2 | 0 | |a etikety |
| 610 | 2 | 0 | |a expedícia |
| 610 | 2 | 0 | |a logistika |
| 100 | 1 | |a Džundová, Mária | |